000 00362nam a2200145 i 4500
001 bg
100 1 _aZELDOWIC, J. B.
245 0 _aTeorija tjagotienija i ewoljucija zwezd /
_cJ.B. Zeldowic, J.D. Nowikow.
260 _aMoskwa,
_c1971.
700 1 _aNOWIKOW, J. D.
040 _cBPK
041 _apol
942 _cKS
008 s pl f |000 0 pol
999 _c9240
_d9240
856 _uhttp://koha.tu.koszalin.pl/cgi-bin/koha/opac-detail.pl?biblionumber=9240
_yKatalog online BPK